000 00689nam a2200169 a 4500
008 201117s2018 ||||||||||||||||| || u
020 _a9781786540508
050 _aPZ 7.B6988
100 _aBracken, Alexandra
245 1 4 _aThe darkest minds
_cBy Alexandra Bracken
260 _aLondon
_bQuercus Children's books
_c2018
300 _a517 pages
350 _a23.55
650 _aENGLISH LANGUAGE
995 _FCBU-SCHOOL OF MEDICINE LIBRARY (Ndola)
_I28.55
_M1
_UAVAILABLE
_WNov 20, 2020
_ZFiction Collection
995 _FCBU-MAIN LIBRARY (Kitwe)
_I23.55
_M2
_UOUT
_WDec 10, 2020
_ZFiction Collection
999 _c62672
_d62672